[Event "Olympiad Women-29"]
[Site "Novi Sad"]
[Date "1990.11.26"]
[Round "9"]
[White "Donaldson Akhmilovskaya, Elena"]
[Black "Abhyankar, Anupama"]
[Result "0-1"]
[WhiteElo "2430"]
[BlackElo "2200"]
[PlyCount "96"]
[EventDate "1990.11.17"]
[EventType "team-swiss"]
[EventRounds "14"]
[EventCountry "YUG"]
[SourceTitle "EXT 2019"]
[Source "ChessBase"]
[SourceDate "2018.10.10"]
[SourceVersion "1"]
[SourceVersionDate "2018.10.10"]
[SourceQuality "1"]
[WhiteTeam "United States (W)"]
[BlackTeam "India (W)"]
[WhiteTeamCountry "USA"]
[BlackTeamCountry "IND"]

1. d4 Nf6 2. Nf3 g6 3. c4 Bg7 4. Nc3 0-0 5. e4 d6 6. Be2 Bg4 7. 0-0 Nfd7 8. Be3 Nc6 9. d5 Bxf3 10. Bxf3 Na5 11. Be2 c5 12. Rc1 a6 13. Qd2 Rb8 14. Bh6 Bxh6 15. Qxh6 b5 16. f4 Nxc4 17. Rf3 f6 18. b3 Ncb6 19. e5 dxe5 20. f5 g5 21. Rg3 Kh8 22. h4 g4 23. Rd1 Nc8 24. Ne4 Nd6 25. Nxd6 exd6 26. Rxg4 Rg8 27. Rxg8+ Qxg8 28. g4 Qg7 29. Qe3 e4 30. Kh1 Re8 31. Rg1 Qf7 32. a4 Qxd5 33. axb5 Qd4 34. Qf4 axb5 35. Rd1 Qe5 36. Qxe5 Nxe5 37. Rxd6 c4 38. Rd4 Rc8 39. g5 c3 40. Bd1 Ng4 41. gxf6 Ne3 42. Rd7 Nxd1 43. Rxd1 c2 44. Rc1 b4 45. Kg2 Kg8 46. Kg3 Rc3+ 47. Kf4 e3 48. Kf3 Kf7 0-1

[Event "Olympiad Women-29"]
[Site "Novi Sad"]
[Date "1990.11.25"]
[Round "8"]
[White "Abhyankar, Anupama"]
[Black "Lindri, Juni Wijayanti"]
[Result "1-0"]
[WhiteElo "2200"]
[BlackElo "2110"]
[PlyCount "81"]
[EventDate "1990.11.17"]
[EventType "team-swiss"]
[EventRounds "14"]
[EventCountry "YUG"]
[SourceTitle "EXT 2019"]
[Source "ChessBase"]
[SourceDate "2018.10.10"]
[SourceVersion "1"]
[SourceVersionDate "2018.10.10"]
[SourceQuality "1"]
[WhiteTeam "India (W)"]
[BlackTeam "Indonesia (W)"]
[WhiteTeamCountry "IND"]
[BlackTeamCountry "INA"]

1. d4 Nf6 2. c4 e6 3. Nc3 b6 4. e4 Bb7 5. d5 e5 6. Bd3 d6 7. Nge2 Nbd7 8. 0-0 g6 9. Rb1 Bg7 10. b4 Nh5 11. Qc2 0-0 12. Be3 Bc8 13. Na4 Ba6 14. f3 Bf6 15. c5 Bxd3 16. Qxd3 Be7 17. Rfc1 f5 18. Nec3 fxe4 19. Nxe4 Nf4 20. Qd2 Nf6 21. cxd6 cxd6 22. Nxf6+ Rxf6 23. Nc3 Bf8 24. Ne4 Rf7 25. Rc6 g5 26. Rbc1 Rg7 27. Bxf4 gxf4 28. Qc2 Rb8 29. Rc8 Rxc8 30. Qxc8 Qe7 31. Qf5 Rf7 32. Qg5+ Qxg5 33. Nxg5 Rg7 34. Ne6 Rf7 35. Rc8 h5 36. Kf2 Rf6 37. h4 Rf7 38. Ke2 a5 39. bxa5 bxa5 40. a4 Rf6 41. Kd3 1-0

[Event "Olympiad Women-29"]
[Site "Novi Sad"]
[Date "1990.11.19"]
[Round "3"]
[White "Finegold, Gina Lynne"]
[Black "Abhyankar, Anupama"]
[Result "0-1"]
[WhiteElo "2095"]
[BlackElo "2200"]
[PlyCount "58"]
[EventDate "1990.11.17"]
[EventType "team-swiss"]
[EventRounds "14"]
[EventCountry "YUG"]
[SourceTitle "EXT 2019"]
[Source "ChessBase"]
[SourceDate "2018.10.10"]
[SourceVersion "1"]
[SourceVersionDate "2018.10.10"]
[SourceQuality "1"]
[WhiteTeam "Belgium (W)"]
[BlackTeam "India (W)"]
[WhiteTeamCountry "BEL"]
[BlackTeamCountry "IND"]

1. d4 Nf6 2. c4 c5 3. d5 b5 4. cxb5 a6 5. f3 d6 6. e4 g6 7. Na3 Bg7 8. Ne2 0-0 9. Nc3 e6 10. Bc4 exd5 11. Nxd5 axb5 12. Nxb5 Nxd5 13. Bxd5 Ba6 14. Bxa8 Bxb5 15. Bd5 Qh4+ 16. g3 Qh3 17. Kf2 Na6 18. Qb3 Nb4 19. Bc4 Bxc4 20. Qxc4 d5 21. exd5 Bd4+ 22. Be3 Bxe3+ 23. Kxe3 Qg2 24. Rac1 Re8+ 25. Kf4 Qh3 26. g4 Kg7 27. Qc3+ f6 28. Rcd1 g5+ 29. Kf5 Qh6 0-1

[Event "Wch U20 Girls 7th"]
[Site "Tunja"]
[Date "1989.08.??"]
[Round "8"]
[White "Abhyankar, Anupama"]
[Black "Kachiani Gersinska, Ketino"]
[Result "1/2-1/2"]
[WhiteElo "2160"]
[BlackElo "2330"]
[PlyCount "42"]
[EventDate "1989.08.??"]
[EventType "swiss"]
[EventRounds "13"]
[EventCountry "COL"]
[SourceTitle "EXT 2022"]
[Source "ChessBase"]
[SourceDate "2021.10.06"]
[SourceVersion "1"]
[SourceVersionDate "2021.10.06"]
[SourceQuality "1"]

1. d4 Nf6 2. c4 e6 3. Nc3 Bb4 4. e3 Nc6 5. Nge2 d5 6. a3 Be7 7. Ng3 h5 8. cxd5 exd5 9. Bd3 h4 10. Nge2 h3 11. gxh3 Bxh3 12. Nf4 Qd7 13. Qc2 g6 14. f3 0-0-0 15. Bd2 Bd6 16. Nce2 Nh5 17. Nxh3 Qxh3 18. 0-0-0 Bxh2 19. Kb1 Nf6 20. e4 Qg2 21. e5 Nd7 1/2-1/2

[Event "Wch U20 Girls 7th"]
[Site "Tunja"]
[Date "1989.08.??"]
[Round "9"]
[White "Madl, Ildiko"]
[Black "Abhyankar, Anupama"]
[Result "1-0"]
[WhiteElo "2310"]
[BlackElo "2160"]
[PlyCount "63"]
[EventDate "1989.08.??"]
[EventType "swiss"]
[EventRounds "13"]
[EventCountry "COL"]
[SourceTitle "EXT 2022"]
[Source "ChessBase"]
[SourceDate "2021.10.06"]
[SourceVersion "1"]
[SourceVersionDate "2021.10.06"]
[SourceQuality "1"]

1. e4 e6 2. d4 d5 3. Nc3 Bb4 4. e5 c5 5. a3 Bxc3+ 6. bxc3 Qc7 7. Qg4 f6 8. Bb5+ Kf8 9. a4 fxe5 10. Nf3 Nf6 11. Qg3 Ne4 12. Qh4 cxd4 13. 0-0 Kg8 14. cxd4 Nc6 15. dxe5 Ne7 16. Bd3 Ng6 17. Qh5 Bd7 18. Ba3 Bc6 19. Rfe1 Qf7 20. Bb2 Rf8 21. Bd4 a6 22. a5 Qe7 23. Be3 Rf5 24. Qh3 Nf4 25. Bxf4 Rxf4 26. Bxe4 dxe4 27. Nd4 Bd5 28. Qe3 Rf8 29. Rac1 Rc8 30. c4 Rxc4 31. Rxc4 Bxc4 32. Rc1 1-0

[Event "Olympiad Women-28"]
[Site "Thessaloniki"]
[Date "1988.11.25"]
[Round "11"]
[White "Hund, Barbara"]
[Black "Abhyankar, Anupama"]
[Result "0-1"]
[WhiteElo "2315"]
[BlackElo "2140"]
[PlyCount "90"]
[EventDate "1988.11.13"]
[EventType "team-swiss"]
[EventRounds "14"]
[EventCountry "GRE"]
[SourceTitle "EXT 2019"]
[Source "ChessBase"]
[SourceDate "2018.10.10"]
[SourceVersion "1"]
[SourceVersionDate "2018.10.10"]
[SourceQuality "1"]
[WhiteTeam "Germany (W)"]
[BlackTeam "India (W)"]
[WhiteTeamCountry "GER"]
[BlackTeamCountry "IND"]

1. e4 e6 2. d4 d5 3. Nc3 Bb4 4. exd5 exd5 5. Bd3 Ne7 6. Qh5 Nbc6 7. a3 Bxc3+ 8. bxc3 Be6 9. Rb1 Qc8 10. Nf3 Bg4 11. Qg5 0-0 12. 0-0 h6 13. Qh4 Ng6 14. Qg3 Nce7 15. c4 dxc4 16. Bxc4 c6 17. Ne5 Nxe5 18. Qxe5 Ng6 19. Qg3 b5 20. Bb3 Be6 21. h4 Bxb3 22. Rxb3 Qf5 23. Rc3 Rfd8 24. Be3 Rac8 25. f3 Rd5 26. Kh2 Qf6 27. Bf2 Re8 28. Qg4 Re6 29. Rc5 Rxc5 30. dxc5 Qf4+ 31. Bg3 Qxg4 32. fxg4 Ne5 33. Kh3 Nc4 34. Rd1 Nxa3 35. c3 a5 36. Rd8+ Kh7 37. Ra8 Nc4 38. h5 a4 39. Bf4 Ne3 40. Ra7 Nd5 41. Bd6 Nxc3 42. Rxf7 Ne4 43. Rd7 Nxd6 44. Rxd6 Re3+ 45. Kh4 b4 0-1

[Event "Olympiad Women-28"]
[Site "Thessaloniki"]
[Date "1988.11.22"]
[Round "9"]
[White "Abhyankar, Anupama"]
[Black "Juncu, Margareta"]
[Result "1-0"]
[WhiteElo "2140"]
[BlackElo "2245"]
[PlyCount "101"]
[EventDate "1988.11.13"]
[EventType "team-swiss"]
[EventRounds "14"]
[EventCountry "GRE"]
[SourceTitle "EXT 2019"]
[Source "ChessBase"]
[SourceDate "2018.10.10"]
[SourceVersion "1"]
[SourceVersionDate "2018.10.10"]
[SourceQuality "1"]
[WhiteTeam "India (W)"]
[BlackTeam "Romania (W)"]
[WhiteTeamCountry "IND"]
[BlackTeamCountry "ROU"]

1. d4 d6 2. c4 e5 3. dxe5 dxe5 4. Qxd8+ Kxd8 5. Nc3 c6 6. Nf3 f6 7. e3 Be6 8. b3 Nd7 9. Bb2 Kc7 10. 0-0-0 Nh6 11. h3 Nf7 12. g4 h5 13. Rg1 hxg4 14. hxg4 g5 15. Be2 a5 16. Nd2 Be7 17. Rh1 Rxh1 18. Rxh1 Rh8 19. Rxh8 Nxh8 20. Nde4 Ng6 21. Ng3 Nh4 22. Nce4 b6 23. Nh5 Bf7 24. Nhxf6 Bg6 25. Nxd7 Kxd7 26. Bd3 Ke6 27. Kd2 Be8 28. Bc3 c5 29. Ke2 Ng6 30. Nd2 Nh4 31. Be4 Bf6 32. Bd5+ Ke7 33. Ne4 Bd7 34. f3 Ng6 35. Kd3 Nh4 36. a3 Be8 37. Nxf6 Kxf6 38. f4 gxf4 39. exf4 Ng6 40. Ke4 a4 41. Bxe5+ Nxe5 42. fxe5+ Ke7 43. bxa4 Bxa4 44. Kf5 Bc2+ 45. Be4 Ba4 46. g5 Bd7+ 47. Kf4 b5 48. cxb5 Bxb5 49. Bd5 c4 50. Ke3 c3 51. Bb3 1-0

[Event "Wch U20 Girls"]
[Site "Adelaide"]
[Date "1988.09.29"]
[Round "5.3"]
[White "Amura, Claudia Noemi"]
[Black "Abhyankar, Anupama"]
[Result "1/2-1/2"]
[WhiteElo "2195"]
[BlackElo "2130"]
[PlyCount "128"]
[EventDate "1988.09.??"]
[EventType "swiss"]
[EventRounds "13"]
[EventCountry "AUS"]
[SourceTitle "EXT 1997"]
[Source "ChessBase"]
[SourceDate "1996.11.15"]
[SourceVersion "1"]
[SourceVersionDate "1996.11.15"]
[SourceQuality "1"]

1. d4 Nf6 2. c4 c5 3. d5 b5 4. cxb5 a6 5. bxa6 Bxa6 6. Nc3 d6 7. f4 g6 8. Nf3 Bg7 9. e4 0-0 10. e5 Nfd7 11. e6 fxe6 12. Ng5 Qa5 13. Nxe6 Bxc3+ 14. bxc3 Bxf1 15. Rxf1 Rf5 16. g4 Rf6 17. Bd2 c4 18. Qe2 Na6 19. Qxc4 Nb6 20. Qe4 Qxd5 21. Qxd5 Nxd5 22. f5 Ndc7 23. Bg5 Rf7 24. Kd2 Nxe6 25. fxe6 Rxf1 26. Rxf1 Nc5 27. Bxe7 Rxa2+ 28. Kd1 Ra1+ 29. Ke2 Ra2+ 30. Kf3 Rc2 31. Bf6 Nxe6 32. Rd1 Kf7 33. g5 Rxh2 34. Rxd6 Nxg5+ 35. Bxg5 Rh3+ 36. Ke4 Rxc3 37. Rd7+ Ke6 38. Re7+ Kd6 39. Rxh7 Rc4+ 40. Kf3 Ke6 41. Ra7 Kf5 42. Ra5+ Ke6 43. Bf4 Kf6 44. Kg4 Rc6 45. Be5+ Ke6 46. Kg5 Rc1 47. Kxg6 Rg1+ 48. Kh6 Rh1+ 49. Kg5 Rg1+ 50. Kf4 Rf1+ 51. Kg4 Rd1 52. Bg3 Rf1 53. Re5+ Kf6 54. Re3 Rg1 55. Re2 Kf7 56. Kf4 Rf1+ 57. Kg5 Rg1 58. Re3 Rg2 59. Kf5 Rb2 60. Ra3 Ke7 61. Ra7+ Kd8 62. Ke6 Rb6+ 63. Bd6 Kc8 64. Kd5 Rb7 1/2-1/2

[Event "Wch U20 Girls"]
[Site "Adelaide"]
[Date "1988.09.28"]
[Round "4.4"]
[White "Abhyankar, Anupama"]
[Black "Neely, Elizabeth"]
[Result "1-0"]
[WhiteElo "2130"]
[BlackElo "2135"]
[PlyCount "65"]
[EventDate "1988.09.??"]
[EventType "swiss"]
[EventRounds "13"]
[EventCountry "AUS"]
[SourceTitle "EXT 1997"]
[Source "ChessBase"]
[SourceDate "1996.11.15"]
[SourceVersion "1"]
[SourceVersionDate "1996.11.15"]
[SourceQuality "1"]

1. d4 Nf6 2. c4 g6 3. Nc3 Bg7 4. e4 d6 5. Nge2 0-0 6. Ng3 c5 7. d5 e6 8. Be2 exd5 9. exd5 a6 10. a4 Re8 11. 0-0 h5 12. Bg5 Qc7 13. Qd2 Nbd7 14. h3 Nh7 15. Bh6 Bd4 16. Kh1 Ndf6 17. Bd3 Nd7 18. f4 Be3 19. Qc2 Ndf8 20. Rf3 Bd7 21. Nxh5 Bd4 22. Ng3 Bg7 23. Bxg7 Kxg7 24. Nce4 Rad8 25. f5 Bxf5 26. Nxf5+ gxf5 27. Rxf5 Ng6 28. Raf1 Re7 29. Ng5 Nxg5 30. Rxg5 Re5 31. Rg4 Qe7 32. Bxg6 fxg6 33. Qxg6+ 1-0